Introduction to solid state physics (Record no. 31457)

000 -LEADER
fixed length control field 00524nam a2200205 a 4500
001 - CONTROL NUMBER
control field 31457
003 - CONTROL NUMBER IDENTIFIER
control field BD-DhUET
008 - FIXED-LENGTH DATA ELEMENTS--GENERAL INFORMATION
fixed length control field 950426s1996 nyua b 001 0 eng
020 ## - INTERNATIONAL STANDARD BOOK NUMBER
International Standard Book Number 0471111813
040 ## - CATALOGING SOURCE
Original cataloging agency DLC
Transcribing agency DLC
Modifying agency BD-DhUET
082 ## - DEWEY DECIMAL CLASSIFICATION NUMBER
Classification number 539.204
Item number KIT/1996
100 ## - MAIN ENTRY--PERSONAL NAME
Personal name Kittel, Charles
245 10 - TITLE STATEMENT
Title Introduction to solid state physics
250 ## - EDITION STATEMENT
Edition statement 7th ed.
260 ## - PUBLICATION, DISTRIBUTION, ETC. (IMPRINT)
Place of publication, distribution, etc. New York
Name of publisher, distributor, etc. John Wiley & Sons
Date of publication, distribution, etc. 1996
300 ## - PHYSICAL DESCRIPTION
Extent xi,673 p.
504 ## - BIBLIOGRAPHY, ETC. NOTE
Bibliography, etc Includes bibliographies
650 #0 - SUBJECT ADDED ENTRY--TOPICAL TERM
Topical term or geographic name as entry element Physics of solids
942 ## - ADDED ENTRY ELEMENTS (KOHA)
Koha item type General Book
Holdings
Shelving location Withdrawn status Sublocation or collection (holding branch) Price effective from Koha issues (times borrowed) Koha date last borrowed Piece designation (barcode) Not for loan Copy number Koha full call number Damaged status Source of classification or shelving scheme Koha date last seen Location (home branch) Koha item type Koha normalized classification for sorting Lost status Date acquired
Reading section Central Library, BUET2015-07-01  90780 1539.204/KIT/1996  2015-07-01Central Library, BUETGeneral Book539_204000000000000_KIT_1996 2015-07-01
Reading section Central Library, BUET2015-07-02  102263 2539.204/KIT/1996  2015-07-02Central Library, BUETGeneral Book539_204000000000000_KIT_1996 2015-07-02
Circulation section Central Library, BUET2017-03-2152025-12-06107851 3539.204/KIT/1996  2026-01-20Central Library, BUETGeneral Book539_204000000000000_KIT_1996 2010-04-26